00984nam a22002537a 4500999001500000001000600015003000900021005001700030008004100047020001800088020001800106040002800124082001900152100002100171245016600192250001200358260005400370300004400424500002000468650005700488650005600545942001200601952011700613 c7163d716320369BD-DhUAP20210117103829.0201217s2015 enka b 001 0 eng  a9781107539334 a9780521189064 aDLCcDLCdBD-DhUAPbeng00223a428.24 MUR aMurphy, Raymond. aEnglish grammar in use with answers : ba self-study reference and practice book for intermediate learners of English : with answers and eBook /cRaymond Murphy. a4th ed. aCambridge : bCambridge University Press,cc2015. ax, 380 pages :billustrations ;c26 cm. aIncludes index. aEnglish language -- Textbooks for foreign speakers.  aEnglish language -- Grammar -- Problems, exercises. 2ddccBK 00102ddc4070aUAPCLbDBASLcGeneral Stacksd2021-01-17o428.24 MURp3010020369r2021-01-17t1w2021-01-17yBK